| LEADER |
00910nam0a2200241 450 |
| 001 |
16826562 |
| 010 |
|
|
|a 979-10-235-0604-4
|b br.
|d 11,9
|
| 100 |
|
|
|a 20161121d2026 u u0frey01 ba
|
| 101 |
1 |
|
|a fre
|c
|
| 102 |
|
|
|a FR
|
| 200 |
0 |
|
|a Pip Bartlett et les créatures magiques
|f par Jackson Pearce & Maggie Stiefvater
|g illustré par Roland Garrigue - traduit de l'anglais (Etats-Unis) par Sophie Passant
|
| 207 |
|
1 |
|a
|
| 210 |
|
|
|a Paris
|b 27 rue Jacob.
|c Seuil
|d DL 2016
|
| 215 |
|
|
|a 1 vol. (251 p.)
|c ill.
|d 21 cm
|
| 225 |
1 |
|
|a Pip Bartlett
|
| 461 |
|
0 |
|t Pip Bartlett
|
| 700 |
|
0 |
|a Pearce
|b Jackson
|f 1984-....
|4 70
|
| 701 |
|
0 |
|a Stiefvater
|b Maggie
|f 1981-....
|4 70
|
| 702 |
|
0 |
|a Garrigue
|b Roland
|f 1979-....
|4 440
|
| 702 |
|
0 |
|a Passant
|b Sophie
|f 1963-....
|4 730
|
| 900 |
|
|
|a Roman enfant
|
| 901 |
|
|
|a Accessible au prêt
|
| 995 |
|
|
|a Bibliothèque
|c Bibliothèque
|f 024017657
|h 024017657
|k E C3 PEA
|o p
|q j
|r az
|e Bibliothèque
|